000 00653nam a2200205Ii 4500
003 JO-AjNU
008 230605s9999||||xx |||||||||||||| ||und||
040 _aJO-AjNU
_bara
_erda
_cJO-AjNU
041 _aara
050 1 4 _aLC4704 2004
100 3 _aإعداد الروسان، فاروق.........وآخرون,
_eauthor
_952235
245 0 0 _aصعوبات التعلم
250 _aط1
264 3 1 _aالكويت: الجامعة العربية المفتوحة، 2004
300 _a237ص
336 _atext
_btxt
_2rdacontent
337 _aunmediated
_bn
_2rdamedia
338 _avolume
_bnc
_2rdacarrier
650 4 _aصعوبات التعلم
_952236
999 _aA23127
_c26695
_d26695